000 00944nam a2200253 i 4500
001 8416
003 ES-MaACL
005 20230906145443.0
007 t|
008 920616s1979 ve |||| | spa d
020 _a84-660-0010-0
080 _a008(8.03)"17"
245 0 0 _aPensamiento de la Ilustración
_b: economía y sociedad iberoamericanas en el siglo XVIII /
_ccompilación, prólogo, notas y cronología, José Carlos Chiaramonte.
260 _aCaracas :
_bBiblioteca Ayacucho,
_cD.L. 1979.
300 _aXL, 449 p. ;
_c23 cm.
490 1 _aBiblioteca Ayacucho ;
_v51
650 1 4 _aIlustración-
_zAmérica española.
_9168095
651 4 _aAmérica española-
_xSituación económica-
_yS.XVIII.
_9168096
651 4 _aAmérica española-
_xSituación social-
_yS.XVIII.
_9168097
700 1 _aChiaramonte, José Carlos.
_938463
830 0 _aBiblioteca Ayacucho ;
_v51
_9177888
852 _aES-MaACL
_jL-15854
999 _c8416
_d8416